[Event "Xtracon Skakligaen"]
[Site "Denmark"]
[Date "2016.01.09"]
[Round "4.8"]
[White "Hoffmann, Tobias Breinholt"]
[Black "Furrer, Christian"]
[Result "0-1"]
[WhiteElo "2029"]
[BlackElo "2176"]
[PlyCount "160"]
[EventDate "2015.10.31"]
[EventType "team-tourn"]
[EventRounds "9"]
[EventCountry "DEN"]
[WhiteTeam "Jetsmark"]
[BlackTeam "Bronshoj"]
[WhiteTeamCountry "DEN"]
[BlackTeamCountry "DEN"]

1. e4 e6 2. d3 d5 3. Qe2 Be7 4. Nf3 c5 5. g3 Nc6 6. Bg2 Nf6 7. O-O O-O 8. e5
Nd7 9. c4 b5 10. cxd5 exd5 11. Nc3 Nb6 12. Nxb5 a6 13. Nc3 Bg4 14. h3 Nd4 15.
Qd1 Nxf3+ 16. Bxf3 Bxh3 17. Re1 Be6 18. b3 Qd7 19. Qe2 Rac8 20. Bd2 Rfe8 21.
Kg2 Bh3+ 22. Kh2 Bf5 23. Qf1 Qe6 24. Bg2 Rcd8 25. Nd1 Qg6 26. Nb2 f6 27. d4
fxe5 28. dxe5 Bf8 29. Qxa6 Re6 30. Qf1 Rde8 31. Bf4 Qh5+ 32. Kg1 g5 33. Bd2 Rh6
34. f3 c4 35. Be3 Ba3 36. Bd4 Qh2+ 37. Kf2 Rh3 38. Qe2 Qxg3+ 39. Kg1 Re6 40.
Bf2 Qh2+ 41. Kf1 Bxb2 42. Qxb2 Bd3+ 43. Re2 c3 44. Qxc3 Bxe2+ 45. Kxe2 Qxg2 46.
Rg1 Qh2 47. Rxg5+ Rg6 48. Rxg6+ hxg6 49. Qc7 Rh7 50. Qd8+ Kg7 51. Qf6+ Kh6 52.
Ke1 Rg7 53. Bxb6 Kh7 54. Bf2 Rc7 55. Qh4+ Qxh4 56. Bxh4 Rc2 57. a4 Rb2 58. a5
Rxb3 59. Ke2 Ra3 60. Bd8 Kg8 61. e6 Kf8 62. e7+ Ke8 63. Kf2 Kd7 64. Kg3 g5 65.
Kf2 d4 66. Ke2 Re3+ 67. Kf2 Ra3 68. Ke2 Re3+ 69. Kf2 Re6 70. Bb6 d3 71. Be3
Kxe7 72. Bxg5+ Kd6 73. a6 Re2+ 74. Kf1 Ra2 75. Ke1 Kd5 76. Bd2 Rxa6 77. Kf2 Re6
78. Be3 Re8 79. Bh6 Re2+ 80. Kf1 Rh2 0-1

[Event "Xtracon Skakligaen"]
[Site "Denmark"]
[Date "2016.01.09"]
[Round "4.1"]
[White "Teplyi, Igor"]
[Black "Grandelius, Nils"]
[Result "0-1"]
[WhiteElo "2422"]
[BlackElo "2647"]
[PlyCount "120"]
[EventDate "2015.10.31"]
[EventType "team-tourn"]
[EventRounds "9"]
[EventCountry "DEN"]
[WhiteTeam "Nordre"]
[BlackTeam "Philidor"]
[WhiteTeamCountry "DEN"]
[BlackTeamCountry "DEN"]

1. d4 Nf6 2. Nf3 d5 3. c4 e6 4. Nc3 c6 5. e3 Nbd7 6. Be2 Bd6 7. O-O O-O 8. b3
Ne4 9. Nxe4 dxe4 10. Nd2 f5 11. Bb2 Qh4 12. g3 Qh6 13. Qc1 Nf6 14. Ba3 Bxa3 15.
Qxa3 Bd7 16. Qd6 Rad8 17. h4 Bc8 18. Qe5 Nd7 19. Qf4 Qf6 20. Rad1 e5 21. dxe5
Nxe5 22. c5 Ng6 23. Qg5 Qxg5 24. hxg5 Kf7 25. Nc4 Ke7 26. Bh5 Nh8 27. Nd6 b6
28. b4 Ba6 29. Rfe1 g6 30. Be2 Bxe2 31. Rxe2 Nf7 32. Red2 Nxg5 33. Kg2 bxc5 34.
bxc5 Ne6 35. Nb7 Rxd2 36. Rxd2 Rc8 37. Rc2 Kd7 38. Na5 Kc7 39. Nb3 Rb8 40. Rc4
Rb5 41. Ra4 Kb8 42. Rc4 a5 43. g4 Kb7 44. gxf5 gxf5 45. f3 exf3+ 46. Kxf3 Ka6
47. e4 Ng5+ 48. Kf4 Nxe4 49. Nd4 Rxc5 50. Rxc5 Nxc5 51. Nxc6 a4 52. Nb4+ Kb5
53. Nd5 Kc4 54. Nb6+ Kb5 55. Nd5 Kc4 56. Nb6+ Kc3 57. Kxf5 a3 58. Kg5 Ne4+ 59.
Kh6 Nf6 60. Kg5 h5 0-1

[Event "Xtracon Skakligaen"]
[Site "Denmark"]
[Date "2016.01.09"]
[Round "4.2"]
[White "Berg, Emanuel"]
[Black "Baekgaard, Martin"]
[Result "1-0"]
[WhiteElo "2568"]
[BlackElo "2333"]
[PlyCount "43"]
[EventDate "2015.10.31"]
[EventType "team-tourn"]
[EventRounds "9"]
[EventCountry "DEN"]
[WhiteTeam "Philidor"]
[BlackTeam "Nordre"]
[WhiteTeamCountry "DEN"]
[BlackTeamCountry "DEN"]

1. e4 c5 2. Nf3 Nc6 3. Nc3 d6 4. d4 cxd4 5. Nxd4 e5 6. Nf3 Nf6 7. Bc4 Be7 8.
Bg5 Be6 9. Bb3 O-O 10. Bxf6 Bxf6 11. Nd5 Rc8 12. c3 Na5 13. Qd3 a6 14. O-O b5
15. Nxf6+ gxf6 16. Nh4 Kh8 17. Bd5 Qe7 18. Rfd1 Rfd8 19. b3 Rd7 20. Qf3 Rg8 21.
h3 Nb7 22. b4 1-0

[Event "Xtracon Skakligaen"]
[Site "Denmark"]
[Date "2016.01.09"]
[Round "4.3"]
[White "Petersen, Tom Petri"]
[Black "Rasmussen, Allan Stig"]
[Result "0-1"]
[WhiteElo "2349"]
[BlackElo "2498"]
[PlyCount "112"]
[EventDate "2015.10.31"]
[EventType "team-tourn"]
[EventRounds "9"]
[EventCountry "DEN"]
[WhiteTeam "Nordre"]
[BlackTeam "Philidor"]
[WhiteTeamCountry "DEN"]
[BlackTeamCountry "DEN"]

1. b3 d5 2. Bb2 Nf6 3. e3 Bf5 4. d3 e6 5. Ne2 h5 6. h3 h4 7. Nd4 Bg6 8. Nf3
Nbd7 9. Nbd2 Bd6 10. Be2 Qe7 11. a4 e5 12. d4 e4 13. Nh2 Nh5 14. Nhf1 f5 15. c4
c6 16. cxd5 cxd5 17. Nb1 Qg5 18. Rg1 f4 19. Bg4 fxe3 20. fxe3 Ndf6 21. Ba3 Bh2
22. Rh1 Bb8 23. Qe2 a6 24. Nc3 Kf7 25. O-O-O Bf5 26. Qf2 Bxg4 27. hxg4 Ng3 28.
Rh3 Ke6 29. Nh2 Rc8 30. Kb2 Bc7 31. Rc1 Rab8 32. Ne2 Nxe2 33. Qxe2 Bxh2 34.
Rxh2 Rxc1 35. Kxc1 Nxg4 36. Rh3 Nh6 37. Qd2 Nf5 38. Kb1 b6 39. Qc3 Kd7 40. Qd2
Rc8 41. a5 b5 42. Bc5 Ng3 43. Qf2 Ke6 44. Kb2 Qg4 45. Ka3 g5 46. Qe1 Kd7 47.
Qf2 Qf5 48. Qg1 Qf1 49. Qh2 Qa1+ 50. Kb4 Qe1+ 51. Ka3 Qxa5+ 52. Kb2 Qd2+ 53.
Kb1 Rh8 54. Rxg3 Qe1+ 55. Kb2 Qxg3 56. Qg1 h3 0-1

[Event "Xtracon Skakligaen"]
[Site "Denmark"]
[Date "2016.01.09"]
[Round "4.4"]
[White "Hansen, Curt"]
[Black "Sloth, Jorn"]
[Result "0-1"]
[WhiteElo "2611"]
[BlackElo "2311"]
[PlyCount "110"]
[EventDate "2015.10.31"]
[EventType "team-tourn"]
[EventRounds "9"]
[EventCountry "DEN"]
[WhiteTeam "Philidor"]
[BlackTeam "Nordre"]
[WhiteTeamCountry "DEN"]
[BlackTeamCountry "DEN"]

1. e4 c5 2. Nf3 g6 3. d4 cxd4 4. Qxd4 Nf6 5. Bb5 Nc6 6. Bxc6 dxc6 7. Qxd8+ Kxd8
8. Nc3 Bg7 9. e5 Nd5 10. Nxd5 cxd5 11. Bf4 Be6 12. O-O-O Kd7 13. Nd4 g5 14.
Bxg5 Bxe5 15. Nxe6 fxe6 16. Rhe1 Bd6 17. g3 b5 18. Rd3 a5 19. Be3 h5 20. Bg5
Raf8 21. f4 Rhg8 22. h4 Rf5 23. Kd1 a4 24. Re2 Bc5 25. Ke1 Kd6 26. Kf1 e5 27.
Kg2 Ke6 28. fxe5 Rxe5 29. Rxe5+ Kxe5 30. Rc3 Bd4 31. Rc6 Bxb2 32. Bxe7 Kf5 33.
Kf3 Be5 34. Bg5 b4 35. Rh6 Rc8 36. Rxh5 Rc3+ 37. Ke2 Ke4 38. Kd1 Rxg3 39. Bd2
Rg1+ 40. Ke2 Rg2+ 41. Kd1 Bc3 42. Bxc3 bxc3 43. Rg5 Rd2+ 44. Kc1 Rh2 45. Rg4+
Ke3 46. Rg3+ Kd4 47. Rg4+ Kc5 48. Kd1 d4 49. a3 Kc4 50. Rg8 Rh1+ 51. Ke2 d3+
52. cxd3+ Kb3 53. Rb8+ Kxa3 54. Rc8 Kb2 55. Rb8+ Kc1 0-1

[Event "Xtracon Skakligaen"]
[Site "Denmark"]
[Date "2016.01.09"]
[Round "4.5"]
[White "Klitgaard, Thomas"]
[Black "Ziska, Helgi Dam"]
[Result "0-1"]
[WhiteElo "2230"]
[BlackElo "2523"]
[PlyCount "58"]
[EventDate "2015.10.31"]
[EventType "team-tourn"]
[EventRounds "9"]
[EventCountry "DEN"]
[WhiteTeam "Nordre"]
[BlackTeam "Philidor"]
[WhiteTeamCountry "DEN"]
[BlackTeamCountry "DEN"]

1. d4 Nf6 2. c4 g6 3. Nc3 Bg7 4. e4 d6 5. Be2 O-O 6. Bg5 Na6 7. Nf3 e5 8. d5 h6
9. Bh4 g5 10. Bg3 Nh5 11. Nd2 Nf4 12. O-O f5 13. exf5 Bxf5 14. Nde4 Qe8 15. Bg4
Bg6 16. Re1 Kh8 17. Bxf4 Rxf4 18. g3 Rf8 19. b4 h5 20. Be2 g4 21. c5 Nxb4 22.
cxd6 cxd6 23. Qb3 a5 24. a3 Na6 25. Qxb7 Nc5 26. Nxc5 dxc5 27. Bb5 Qd8 28. Ne4
Rb8 29. Qc6 Be8 0-1

[Event "Xtracon Skakligaen"]
[Site "Denmark"]
[Date "2016.01.09"]
[Round "4.6"]
[White "Aagaard, Jacob"]
[Black "Hoiberg, Nina"]
[Result "1-0"]
[WhiteElo "2498"]
[BlackElo "2213"]
[PlyCount "55"]
[EventDate "2015.10.31"]
[EventType "team-tourn"]
[EventRounds "9"]
[EventCountry "DEN"]
[WhiteTeam "Philidor"]
[BlackTeam "Nordre"]
[WhiteTeamCountry "DEN"]
[BlackTeamCountry "DEN"]

1. e4 e5 2. Nf3 Nc6 3. Bb5 a6 4. Ba4 Nge7 5. Bb3 Ng6 6. c3 Nf4 7. d4 d6 8. h4
Na5 9. dxe5 Nxb3 10. axb3 Ng6 11. exd6 Bxd6 12. h5 Ne5 13. Nxe5 Bxe5 14. Qxd8+
Kxd8 15. Bg5+ f6 16. Be3 Re8 17. Nd2 Be6 18. O-O-O Kc8 19. Kc2 h6 20. Nf3 Bf7
21. Rde1 a5 22. Bd4 Ra6 23. Bxe5 fxe5 24. Ra1 g5 25. hxg6 Bxg6 26. Kd3 Rb6 27.
Rxa5 Rxb3 28. Rxh6 1-0

[Event "Xtracon Skakligaen"]
[Site "Denmark"]
[Date "2016.01.09"]
[Round "4.7"]
[White "Christensen, Jan Schleicher"]
[Black "Mikkelsen, Nikolaj"]
[Result "0-1"]
[WhiteElo "2190"]
[BlackElo "2462"]
[PlyCount "84"]
[EventDate "2015.10.31"]
[EventType "team-tourn"]
[EventRounds "9"]
[EventCountry "DEN"]
[WhiteTeam "Nordre"]
[BlackTeam "Philidor"]
[WhiteTeamCountry "DEN"]
[BlackTeamCountry "DEN"]

1. d4 Nf6 2. Nf3 e6 3. e3 g6 4. Bd3 d5 5. Nbd2 Bg7 6. O-O c5 7. dxc5 Nbd7 8. e4
dxe4 9. Nxe4 Nxe4 10. Bxe4 Nxc5 11. Qxd8+ Kxd8 12. Nd2 Nxe4 13. Nxe4 Kc7 14.
Bf4+ e5 15. Bg3 Bf5 16. Rfe1 Rhe8 17. c4 Rad8 18. Nc3 Kc8 19. Nd5 f6 20. Rad1
Be6 21. f3 Bxd5 22. cxd5 Kd7 23. Re2 Rc8 24. Be1 Bf8 25. Bc3 Rc4 26. g4 Bb4 27.
Re4 Rxe4 28. fxe4 Bxc3 29. bxc3 Rc8 30. Rd3 Rc4 31. Re3 Kd6 32. Kg2 Ra4 33. Re2
b5 34. Kg3 Ra3 35. Rf2 Rxc3+ 36. Kg2 Ke7 37. Rb2 a6 38. a4 bxa4 39. Rb7+ Kd8
40. Ra7 Re3 41. Rxa6 Rxe4 42. Kf3 Rd4 0-1

[Event "Xtracon Skakligaen"]
[Site "Denmark"]
[Date "2016.01.09"]
[Round "4.8"]
[White "Bekker Jensen, Simon"]
[Black "Olsen, Filip Boe"]
[Result "1-0"]
[WhiteElo "2438"]
[BlackElo "2245"]
[PlyCount "95"]
[EventDate "2015.10.31"]
[EventType "team-tourn"]
[EventRounds "9"]
[EventCountry "DEN"]
[WhiteTeam "Philidor"]
[BlackTeam "Nordre"]
[WhiteTeamCountry "DEN"]
[BlackTeamCountry "DEN"]

1. c4 c6 2. Nf3 d5 3. g3 Nf6 4. Bg2 Bf5 5. O-O e6 6. cxd5 cxd5 7. Qb3 Qb6 8.
Qxb6 axb6 9. d3 Nc6 10. Nc3 Be7 11. Bf4 O-O 12. a3 h6 13. b4 Bh7 14. Nb5 Nd7
15. Bd6 Bf6 16. Rac1 Rfd8 17. Rc2 Bg6 18. h3 Bh5 19. g4 Bg6 20. Rfc1 Ra4 21.
Nd2 Bg5 22. f4 Bf6 23. Nb3 Re8 24. Nc7 Rd8 25. Nb5 Re8 26. Rd1 Bh4 27. Kh2 Bh7
28. e4 Nf6 29. Re2 dxe4 30. dxe4 e5 31. f5 Bg5 32. Bc7 Na7 33. Nd6 Re7 34. Bxb6
Rxa3 35. Na5 Nc6 36. Nxc6 bxc6 37. Rc2 Bf4+ 38. Kh1 h5 39. Rxc6 Kh8 40. Nc4 Ra8
41. Bf3 Ra2 42. Bg1 Bg8 43. gxh5 Nh7 44. b5 Ra8 45. b6 f6 46. Nd6 Ng5 47. Bg2
Rb8 48. Rc7 1-0

[Event "Xtracon Skakligaen"]
[Site "Denmark"]
[Date "2016.01.09"]
[Round "4.1"]
[White "Svane, Rasmus"]
[Black "Ochsner, Bjorn Moller"]
[Result "1/2-1/2"]
[WhiteElo "2543"]
[BlackElo "2405"]
[PlyCount "61"]
[EventDate "2015.10.31"]
[EventType "team-tourn"]
[EventRounds "9"]
[EventCountry "DEN"]
[WhiteTeam "Skanderborg"]
[BlackTeam "AarhusSkolerne"]
[WhiteTeamCountry "DEN"]
[BlackTeamCountry "DEN"]

1. d4 Nf6 2. c4 g6 3. Nc3 Bg7 4. e4 d6 5. Nf3 O-O 6. Be2 e5 7. O-O Nc6 8. dxe5
dxe5 9. Bg5 Nd4 10. Nxd4 exd4 11. Nd5 c6 12. e5 cxd5 13. Qxd4 dxc4 14. Qh4 Re8
15. exf6 Rxe2 16. fxg7 Qc7 17. Rad1 Bf5 18. Rd4 Bd3 19. Bf6 Qc5 20. h3 Rae8 21.
Rc1 b5 22. Qf4 Qb6 23. Rd6 Rxf2 24. Qd4 Qxd4 25. Bxd4 Rfe2 26. Rf1 Be4 27. Rf2
Re1+ 28. Rf1 Re2 29. Rf2 Re1+ 30. Rf1 Re2 31. Rf2 1/2-1/2

[Event "Xtracon Skakligaen"]
[Site "Denmark"]
[Date "2016.01.09"]
[Round "4.2"]
[White "Hagen, Andreas Skytte"]
[Black "Andersen, Mads"]
[Result "1/2-1/2"]
[WhiteElo "2396"]
[BlackElo "2457"]
[PlyCount "101"]
[EventDate "2015.10.31"]
[EventType "team-tourn"]
[EventRounds "9"]
[EventCountry "DEN"]
[WhiteTeam "AarhusSkolerne"]
[BlackTeam "Skanderborg"]
[WhiteTeamCountry "DEN"]
[BlackTeamCountry "DEN"]

1. d4 Nf6 2. c4 g6 3. Nc3 Bg7 4. e4 d6 5. Nf3 O-O 6. Be2 e5 7. O-O Nc6 8. d5
Ne7 9. b4 Nh5 10. Re1 f5 11. Ng5 Nf4 12. Bxf4 exf4 13. Rc1 Bf6 14. Ne6 Bxe6 15.
dxe6 Bxc3 16. Rxc3 fxe4 17. Bg4 h5 18. Bh3 e3 19. fxe3 fxe3 20. Rcxe3 c6 21. a3
a5 22. Qd4 axb4 23. axb4 d5 24. c5 Qc7 25. Re5 Ra3 26. g3 Raf3 27. Rg5 R3f6 28.
Qh4 b6 29. Qd4 bxc5 30. Qxc5 Rb8 31. Kh1 Qb7 32. Rb1 Rbf8 33. Re5 Ra8 34. Ree1
Qa7 35. Qd6 Rff8 36. Rf1 Rxf1+ 37. Rxf1 Rf8 38. Rxf8+ Kxf8 39. Qf4+ Kg8 40.
Qf7+ Kh8 41. Bf1 h4 42. gxh4 Qb7 43. b5 cxb5 44. h5 d4+ 45. Kg1 Qe4 46. Qxe7
Qe3+ 47. Kg2 Qe4+ 48. Kg3 Qe3+ 49. Kg2 Qe4+ 50. Kg3 Qe3+ 51. Kg2 1/2-1/2

[Event "Xtracon Skakligaen"]
[Site "Denmark"]
[Date "2016.01.09"]
[Round "4.3"]
[White "Semcesen, Daniel"]
[Black "Skytte, Rasmus"]
[Result "1/2-1/2"]
[WhiteElo "2436"]
[BlackElo "2413"]
[PlyCount "33"]
[EventDate "2015.10.31"]
[EventType "team-tourn"]
[EventRounds "9"]
[EventCountry "DEN"]
[WhiteTeam "Skanderborg"]
[BlackTeam "AarhusSkolerne"]
[WhiteTeamCountry "DEN"]
[BlackTeamCountry "DEN"]

1. d4 d5 2. c4 dxc4 3. Nf3 a6 4. e3 b5 5. a4 Bb7 6. b3 e6 7. axb5 axb5 8. Rxa8
Bxa8 9. bxc4 bxc4 10. Bxc4 Bd6 11. Qa4+ Bc6 12. Qc2 Bxf3 13. gxf3 Nf6 14. Nd2
O-O 15. O-O Nbd7 16. Ne4 Nxe4 17. Qxe4 1/2-1/2

[Event "Xtracon Skakligaen"]
[Site "Denmark"]
[Date "2016.01.09"]
[Round "4.4"]
[White "Sorensen, Jan"]
[Black "Pedersen, Nicolai Vesterbaek"]
[Result "1/2-1/2"]
[WhiteElo "2435"]
[BlackElo "2403"]
[PlyCount "83"]
[EventDate "2015.10.31"]
[EventType "team-tourn"]
[EventRounds "9"]
[EventCountry "DEN"]
[WhiteTeam "AarhusSkolerne"]
[BlackTeam "Skanderborg"]
[WhiteTeamCountry "DEN"]
[BlackTeamCountry "DEN"]

1. e4 e5 2. Nc3 Nf6 3. Bc4 Nc6 4. d3 Na5 5. Nge2 Be7 6. O-O O-O 7. a4 Nxc4 8.
dxc4 d6 9. Ng3 c6 10. b3 Be6 11. Bb2 Qa5 12. Qe1 b6 13. Kh1 Rfe8 14. Rd1 Rad8
15. h3 Qb4 16. Qe2 d5 17. cxd5 cxd5 18. Nb5 Nxe4 19. Nxe4 Qxe4 20. Qxe4 dxe4
21. Bxe5 Bf5 22. Bf4 e3 23. Bxe3 Bxc2 24. Rxd8 Bxd8 25. Nd4 Be4 26. Rc1 Kf8 27.
Nb5 a6 28. Nc7 Bxc7 29. Rxc7 Bd5 30. b4 Rb8 31. b5 axb5 32. axb5 Be4 33. Rd7
Ke8 34. Rd6 Bf5 35. Rxb6 Rxb6 36. Bxb6 Bd7 37. Bd4 Bxb5 38. Bxg7 h5 39. Kh2 f5
40. Kg3 Kf7 41. Bc3 Kg6 42. Bd2 1/2-1/2

[Event "Xtracon Skakligaen"]
[Site "Denmark"]
[Date "2016.01.09"]
[Round "4.5"]
[White "Andersen, Jackie"]
[Black "Christensen, Tobias Bent"]
[Result "1-0"]
[WhiteElo "2343"]
[BlackElo "2349"]
[PlyCount "75"]
[EventDate "2015.10.31"]
[EventType "team-tourn"]
[EventRounds "9"]
[EventCountry "DEN"]
[WhiteTeam "Skanderborg"]
[BlackTeam "AarhusSkolerne"]
[WhiteTeamCountry "DEN"]
[BlackTeamCountry "DEN"]

1. f4 c5 2. Nf3 e6 3. d3 d5 4. e3 Nc6 5. g3 g6 6. Bg2 Bg7 7. O-O Nge7 8. e4 b6
9. Re1 dxe4 10. dxe4 Qxd1 11. Rxd1 e5 12. Na3 O-O 13. Nb5 exf4 14. gxf4 Rb8 15.
Be3 Ba6 16. a4 Rbd8 17. Kf2 Bb7 18. Nd2 g5 19. Nc4 gxf4 20. Bxf4 Rxd1 21. Rxd1
Ng6 22. Bg3 h5 23. Rd7 Ba6 24. h4 Rd8 25. Rxd8+ Nxd8 26. Bf3 Bf6 27. Bxh5 Bxh4
28. Bxh4 Nxh4 29. Ne5 Kg7 30. Nxa7 Bb7 31. Nd7 Bxe4 32. Nxb6 Nb7 33. Kg3 Ng2
34. Bf3 Bxf3 35. Kxf3 Nh4+ 36. Ke2 f5 37. Nc6 f4 38. Nc4 1-0

[Event "Xtracon Skakligaen"]
[Site "Denmark"]
[Date "2016.01.09"]
[Round "4.6"]
[White "Vinther Schou, Uffe"]
[Black "Boe, Mads"]
[Result "0-1"]
[WhiteElo "2374"]
[BlackElo "2330"]
[PlyCount "156"]
[EventDate "2015.10.31"]
[EventType "team-tourn"]
[EventRounds "9"]
[EventCountry "DEN"]
[WhiteTeam "AarhusSkolerne"]
[BlackTeam "Skanderborg"]
[WhiteTeamCountry "DEN"]
[BlackTeamCountry "DEN"]

1. d4 d5 2. c4 c6 3. Bf4 Nf6 4. e3 a6 5. Nc3 Bf5 6. Qb3 b5 7. cxd5 cxd5 8. a4
b4 9. Qxb4 Nc6 10. Qb7 Na5 11. Qc7 Qxc7 12. Bxc7 Nb3 13. Ra3 Bc2 14. Bd3 Nxd4
15. exd4 Bxd3 16. Nf3 Bc4 17. Nd2 e6 18. Nxc4 dxc4 19. Ra1 Bb4 20. Ke2 Bxc3 21.
bxc3 Nd5 22. Ba5 Rb8 23. Rab1 Kd7 24. Kd2 Kc6 25. Bb4 Rb7 26. Rb2 Rhb8 27. Rhb1
a5 28. Ba3 Rxb2+ 29. Rxb2 Rxb2+ 30. Bxb2 Nb6 31. Ba3 Nxa4 32. Kc2 f5 33. f3 Nb6
34. Bf8 g6 35. Bh6 Nd5 36. g3 Nc7 37. Bf4 Nd5 38. Bg5 Kd6 39. Bd2 e5 40. dxe5+
Kxe5 41. Kb2 Kd6 42. Ka3 Kc6 43. Ka4 g5 44. Kxa5 g4 45. fxg4 fxg4 46. Ka4 h5
47. Ka3 Nf6 48. Kb4 Kd5 49. Bg5 Nd7 50. Bf4 Nc5 51. Bd2 Nd3+ 52. Kb5 Ne5 53.
Bf4 Nf3 54. Kb4 Nxh2 55. Bc7 Nf3 56. Bd8 Ne5 57. Bf6 Nf7 58. Bd4 Nd6 59. Bf2
Ne4 60. Be1 Nc5 61. Bd2 Nd3+ 62. Kb5 Ne5 63. Bg5 Nf3 64. Bd8 Nd2 65. Kb4 Ke4
66. Bc7 Kd3 67. Bf4 Ne4 68. Be5 Nd2 69. Bc7 Nf1 70. Be5 Ne3 71. Kc5 Nf5 72. Kd5
h4 73. gxh4 Nxh4 74. Ke6 Ke4 75. Kf6 Nf5 76. Bc7 g3 77. Kg5 g2 78. Bh2 Ng3 0-1

[Event "Xtracon Skakligaen"]
[Site "Denmark"]
[Date "2016.01.09"]
[Round "4.7"]
[White "Seegert, Kristian"]
[Black "Ochsner, Thomas"]
[Result "1-0"]
[WhiteElo "2234"]
[BlackElo "2326"]
[PlyCount "97"]
[EventDate "2015.10.31"]
[EventType "team-tourn"]
[EventRounds "9"]
[EventCountry "DEN"]
[WhiteTeam "Skanderborg"]
[BlackTeam "AarhusSkolerne"]
[WhiteTeamCountry "DEN"]
[BlackTeamCountry "DEN"]

1. e4 e5 2. Nf3 Nc6 3. Bc4 Bc5 4. O-O Nf6 5. d3 O-O 6. c3 d6 7. b4 Bb6 8. a4 a5
9. b5 Ne7 10. Be3 Bxe3 11. fxe3 d5 12. exd5 Nexd5 13. Qd2 Qd6 14. Na3 Be6 15.
Ng5 Rad8 16. Nxe6 fxe6 17. Bb3 Nb6 18. Nc4 Nxc4 19. Bxc4 e4 20. d4 Nd5 21. Bb3
h6 22. Bc2 Nf6 23. Qe2 Qd5 24. Rf4 Qg5 25. Bxe4 Nxe4 26. Rxe4 Rf6 27. Rf4 Rxf4
28. exf4 Qxf4 29. Qxe6+ Kh8 30. Rf1 Qd2 31. Qe7 Rd6 32. Rf8+ Kh7 33. Qe4+ Rg6
34. h4 c6 35. Kh2 h5 36. bxc6 bxc6 37. Rf5 Kh6 38. Qf3 Rg4 39. Kh3 Qe1 40.
Rxh5+ Kxh5 41. Qxg4+ Kh6 42. Qg5+ Kh7 43. Qf5+ g6 44. Qd7+ Kh6 45. Qxc6 Kh5 46.
Qf6 Qh1+ 47. Kg3 Qe1+ 48. Kh2 Kh6 49. Qh8# 1-0

[Event "Xtracon Skakligaen"]
[Site "Denmark"]
[Date "2016.01.09"]
[Round "4.8"]
[White "Rendboe, John Filip"]
[Black "Bjerre, Jonas Buhl"]
[Result "0-1"]
[WhiteElo "2181"]
[BlackElo "2076"]
[PlyCount "60"]
[EventDate "2015.10.31"]
[EventType "team-tourn"]
[EventRounds "9"]
[EventCountry "DEN"]
[WhiteTeam "AarhusSkolerne"]
[BlackTeam "Skanderborg"]
[WhiteTeamCountry "DEN"]
[BlackTeamCountry "DEN"]

1. d4 Nf6 2. c4 e6 3. Nc3 Bb4 4. e3 O-O 5. Bd3 d5 6. Nf3 c5 7. O-O Nc6 8. a3
Bxc3 9. bxc3 Qc7 10. Qc2 Na5 11. Ne5 dxc4 12. Nxc4 Nxc4 13. Bxc4 Bd7 14. Qe2
Rac8 15. Bd3 e5 16. dxe5 Qxe5 17. f4 Qe7 18. e4 c4 19. Bc2 Bg4 20. Qe3 Qc5 21.
Qxc5 Rxc5 22. Be3 Rb5 23. Rfb1 Bd7 24. Bxa7 Rxb1+ 25. Rxb1 Bc6 26. Rb4 Ra8 27.
Bd4 Rxa3 28. Rxc4 Ra1+ 29. Kf2 Ra2 30. Bxf6 Rxc2+ 0-1

[Event "Xtracon Skakligaen"]
[Site "Denmark"]
[Date "2016.01.09"]
[Round "4.1"]
[White "Hector, Jonny"]
[Black "Hansen, Mads Smith"]
[Result "1-0"]
[WhiteElo "2493"]
[BlackElo "2356"]
[PlyCount "103"]
[EventDate "2015.10.31"]
[EventType "team-tourn"]
[EventRounds "9"]
[EventCountry "DEN"]
[WhiteTeam "Nordkalotten"]
[BlackTeam "Obro"]
[WhiteTeamCountry "DEN"]
[BlackTeamCountry "DEN"]

1. e4 e6 2. d4 d5 3. Nc3 Bb4 4. a3 Bxc3+ 5. bxc3 dxe4 6. Qg4 Nf6 7. Qxg7 Rg8 8.
Qh6 Nbd7 9. Ne2 b6 10. Ng3 Bb7 11. a4 Rg6 12. Qd2 c5 13. Be2 Qc7 14. Qf4 Rc8
15. Qxc7 Rxc7 16. dxc5 Nxc5 17. a5 Bc6 18. Bf4 Rc8 19. c4 Na4 20. axb6 axb6 21.
Be3 Ke7 22. Ra3 Rgg8 23. h4 Nd7 24. O-O Ra8 25. Rb1 Rgc8 26. Rab3 Ke8 27. Bd4
Ra5 28. Nh5 Ke7 29. Rg3 e5 30. Be3 Nac5 31. Bg5+ Kd6 32. Ng7 Rca8 33. Nf5+ Kc7
34. Be7 Ne6 35. Bh5 Ra1 36. Rxa1 Rxa1+ 37. Kh2 f6 38. Bf7 Nec5 39. Rg7 Rc1 40.
Ne3 f5 41. Nxf5 Rxc2 42. Rxh7 Rxf2 43. Ne3 Nd3 44. Bh5 Nf4 45. Kg3 Rb2 46. Bd1
Rd2 47. Bg5 Kd6 48. Rh6+ Kc7 49. h5 Nf8 50. Bg4 Rd3 51. Bxf4 exf4+ 52. Kxf4 1-0

[Event "Xtracon Skakligaen"]
[Site "Denmark"]
[Date "2016.01.09"]
[Round "4.2"]
[White "Jorgensen, Dennis"]
[Black "Brynell, Stellan"]
[Result "0-1"]
[WhiteElo "2237"]
[BlackElo "2421"]
[PlyCount "80"]
[EventDate "2015.10.31"]
[EventType "team-tourn"]
[EventRounds "9"]
[EventCountry "DEN"]
[WhiteTeam "Obro"]
[BlackTeam "Nordkalotten"]
[WhiteTeamCountry "DEN"]
[BlackTeamCountry "DEN"]

1. d4 d5 2. Nf3 Nf6 3. g3 Bf5 4. Bg2 e6 5. O-O Bd6 6. c4 c6 7. Nc3 Nbd7 8. Nh4
Bg6 9. cxd5 exd5 10. e3 O-O 11. b3 Re8 12. Nxg6 hxg6 13. Bb2 Qe7 14. Qc2 Nf8
15. Rfe1 Ba3 16. Na4 Bxb2 17. Nxb2 Ne4 18. Nd3 Nd7 19. Rac1 Qf6 20. Qe2 Qd6 21.
Rc2 Re6 22. b4 Nb6 23. Nc5 Re7 24. Rec1 a6 25. a4 Qf6 26. Bxe4 dxe4 27. b5 cxb5
28. axb5 a5 29. Qd2 Nd5 30. Rc4 Qf5 31. Ra4 b6 32. Na6 g5 33. Rac4 g6 34. Qe2
Kg7 35. Qf1 Rh8 36. Qg2 g4 37. Rc6 Rb7 38. Rd6 Nf6 39. Nc7 Nh7 40. Rd5 Rxc7 0-1

[Event "Xtracon Skakligaen"]
[Site "Denmark"]
[Date "2016.01.09"]
[Round "4.3"]
[White "Sylvan, Jacob"]
[Black "Hansen, Soren Bech"]
[Result "0-1"]
[WhiteElo "2340"]
[BlackElo "2263"]
[PlyCount "78"]
[EventDate "2015.10.31"]
[EventType "team-tourn"]
[EventRounds "9"]
[EventCountry "DEN"]
[WhiteTeam "Nordkalotten"]
[BlackTeam "Obro"]
[WhiteTeamCountry "DEN"]
[BlackTeamCountry "DEN"]

1. e4 c5 2. Nf3 Nc6 3. Nc3 e5 4. Bc4 Be7 5. d3 Nf6 6. a3 O-O 7. Nd2 d6 8. Nf1
Bg4 9. f3 Be6 10. Ne3 Nd4 11. O-O Rb8 12. Ba2 b5 13. Ncd5 Nxd5 14. Bxd5 Qb6 15.
c3 Nc6 16. Kh1 Bg5 17. Qb3 Bxe3 18. Bxe3 Bxd5 19. Qxd5 Ne7 20. Qa2 Qc6 21. d4
a6 22. Rfd1 c4 23. dxe5 dxe5 24. Rd2 Rbd8 25. Rad1 Qc7 26. a4 Rxd2 27. Rxd2 Rd8
28. axb5 Rxd2 29. Bxd2 axb5 30. Be3 f6 31. h3 Kf7 32. b4 cxb3 33. Qxb3+ Qc4 34.
Qa3 Nc6 35. Kh2 h6 36. Qd6 Qxc3 37. Qd5+ Kg6 38. Qxb5 Nd4 39. Bg1 Nxb5 0-1

[Event "Xtracon Skakligaen"]
[Site "Denmark"]
[Date "2016.01.09"]
[Round "4.4"]
[White "Skousen, Nikolai"]
[Black "Kristensen, Kaare Hove"]
[Result "1-0"]
[WhiteElo "2225"]
[BlackElo "2365"]
[PlyCount "67"]
[EventDate "2015.10.31"]
[EventType "team-tourn"]
[EventRounds "9"]
[EventCountry "DEN"]
[WhiteTeam "Obro"]
[BlackTeam "Nordkalotten"]
[WhiteTeamCountry "DEN"]
[BlackTeamCountry "DEN"]

1. Nf3 c5 2. g3 d5 3. Bg2 Nf6 4. O-O Nc6 5. d3 g6 6. Nbd2 Bg7 7. e4 O-O 8. c3
e5 9. a4 d4 10. Nc4 Nd7 11. a5 b5 12. axb6 Nxb6 13. Na5 Qc7 14. cxd4 Nxa5 15.
Rxa5 cxd4 16. Bd2 Bd7 17. Qa1 Qc2 18. Ra3 Qc7 19. Rc1 Qb7 20. Ra5 f6 21. Nxd4
exd4 22. e5 Qb8 23. Qa2+ Kh8 24. e6 Be8 25. e7 Rf7 26. Bf4 Qc8 27. Rxc8 Rxc8
28. Rxa7 g5 29. Bd2 Rc2 30. Bd5 Nxd5 31. Qxd5 Rxd2 32. Qxf7 Rd1+ 33. Kg2 Bxf7
34. Ra8+ 1-0